[Event "KS Sommerskak op"]
[Site "Copenhagen"]
[Date "1997.??.??"]
[Round "?"]
[White "Hellsten, Johan"]
[Black "Thorhallsson, Throstur"]
[Result "0-1"]
[WhiteElo "2485"]
[BlackElo "2500"]

1.d4 d5 2.c4 c6 3.Nf3 Nf6 4.Nc3 e6 5.e3 Nbd7 6.Qc2 Bd6 7.b3 O-O 8.Be2 Re8
9.O-O Qe7 10.Rd1 b6 11.Bb2 Bb7 12.Rac1 Rac8 13.Qb1 h6 14.Qa1 Rcd8 15.a3 a6
16.cxd5 exd5 17.Bf1 Ng4 18.Re1 f5 19.b4 Ngf6 20.g3 Ne4 21.Bg2 b5 22.Rc2 g5
23.Nd2 Nxd2 24.Rxd2 Nf6 25.Rc2 Bc8 26.Ne2 Bd7 27.Nc1 f4 28.Rce2 fxg3 29.hxg3 Qh7
30.Rd2 Ne4 31.Rdd1 Rf8 32.Nd3 Bg4 33.Rc1 Nd2 34.Ne5 Bxe5 35.dxe5 Bf3 36.e6 Bxg2
37.e7 Nf3+ 38.Kxg2 Nxe1+ 39.Kf1 Qxe7 40.Rxc6 Qe4 41.Qxe1 d4 42.Rxh6 dxe3
43.Rh8+ Kf7 44.Rxf8+ Kxf8 45.Qxe3 Qh1+  0-1

[Event "KS Sommerskak op"]
[Site "Copenhagen"]
[Date "1997.??.??"]
[Round "?"]
[White "Hoi, Carsten"]
[Black "Thorhallsson, Throstur"]
[Result "0-1"]
[WhiteElo "2425"]
[BlackElo "2500"]

1.d4 d5 2.Nf3 Nf6 3.c4 e6 4.Nc3 c6 5.e3 Nbd7 6.Bd3 dxc4 7.Bxc4 b5 8.Bd3 a6
9.e4 c5 10.d5 c4 11.Bc2 Qc7 12.O-O Bb7 13.Nd4 Nc5 14.b4 cxb3 15.axb3 b4 16.Na4 Ncxe4
17.Bxe4 Nxe4 18.dxe6 Bd6 19.Qh5 g6 20.Qh6 Bf8 21.Qe3 Bg7 22.f3 O-O-O 23.Bb2 Nc3
24.Ne2 Rhe8 25.Naxc3 bxc3 26.Bxc3 Rxe6 27.Qf2 Rxe2 28.Qxe2 Bxc3 29.Rac1 Kb8
30.Kh1 Qe5 31.Qc4 Ba5 32.Qxf7 Bc7 33.f4 Bxg2+ 34.Kxg2 Rd2+ 35.Kg3 Qg5+  0-1

[Event "KS Sommerskak op"]
[Site "Copenhagen"]
[Date "1997.??.??"]
[Round "?"]
[White "Adamski, Jan"]
[Black "Olsen, Heini"]
[Result "1/2-1/2"]
[WhiteElo "2405"]
[BlackElo "2300"]

1.c4 c6 2.Nf3 d5 3.e3 Nf6 4.Nc3 e6 5.d4 Nbd7 6.Bd3 Be7 7.O-O O-O 8.e4 dxe4
9.Nxe4 b6 10.Qe2 Bb7 11.Rd1 Qc7 12.b3 c5 13.Bb2 Nxe4 14.Bxe4 Bxe4 15.Qxe4 Bf6
16.Rd2 Rad8 17.Rad1 Rfe8 18.h3 h6 19.Qe3 Nb8 20.Bc3 cxd4 21.Bxd4 Bxd4 22.Nxd4 a6
23.Qe4  1/2-1/2

[Event "KS Sommerskak op"]
[Site "Copenhagen"]
[Date "1997.??.??"]
[Round "?"]
[White "Petersen, Steen"]
[Black "Sylvan, Jacob"]
[Result "0-1"]
[WhiteElo "2140"]
[BlackElo "2245"]

1.d4 d5 2.c4 e6 3.Nc3 c6 4.Nf3 Nf6 5.e3 Nbd7 6.Qc2 Bd6 7.b3 O-O 8.Be2 Re8
9.O-O Qe7 10.Rd1 h6 11.e4 dxe4 12.Nxe4 Nxe4 13.Qxe4 e5 14.Be3 Nf6 15.Qh4 e4
16.Nd2 Bf5 17.Nf1 Rad8 18.Rac1 b6 19.Ng3 Bg6 20.Nf1 Qe6 21.g4 Qe7 22.Qh3 Nh7
23.Qg2 Ng5 24.d5 cxd5 25.cxd5 Rc8 26.h4 Nf3+ 27.Bxf3 exf3 28.Qh3 Be4 29.g5 Rxc1
30.Rxc1 hxg5 31.hxg5 Bxd5 32.Rd1 Qe6 33.Qh5 g6 34.Qh4 Be5 35.Nh2 f5 36.gxf6 Bxf6
37.Qa4 Kf7 38.Qf4 Qe4 39.Ng4 Qxf4 40.Bxf4 Be6 41.Nxf6 Kxf6 42.Re1 Kf5 43.Bg3 g5
44.Re3 g4 45.Re5+ Kf6 46.Re3 Rc8 47.Be5+ Kf5 48.Bc3 Rc6 49.Kf1 Bd5 50.Kg1 Be4
51.b4 Kf4 52.a4 g3 53.Bd2 Rc2 54.fxg3+ Kxg3 55.Be1+ Kf4 56.Bf2 Rb2 57.a5 Rxb4
58.axb6 axb6 59.Re1 Rb2  0-1

[Event "Cseppko op"]
[Site "Cseppko"]
[Date "1997.??.??"]
[Round "1"]
[White "Kiss, Pal"]
[Black "Csukerda, Attila"]
[Result "1-0"]
[WhiteElo "2450"]
[BlackElo "2110"]

1.d4 d5 2.c4 c6 3.Nc3 e6 4.Nf3 Nf6 5.e3 Be7 6.Bd3 dxc4 7.Bxc4 b5 8.Bd3 Bb7
9.e4 O-O 10.e5 Nfd7 11.Qe2 a6 12.Qe4 g6 13.Bh6 Re8 14.h4 Ra7 15.h5 c5 16.Qg4 Bxf3
17.gxf3 Nxe5 18.dxe5 Qxd3 19.hxg6 Qxg6 20.Qh3 Bf8 21.Ne4 Nd7 22.Ke2 Qxh6
23.Rag1+ Kh8 24.Qxh6 Bxh6 25.Rxh6 Rg8 26.Rgh1 Rg7 27.Nf6 Nf8 28.b3 Ra8 29.f4 Rc8
30.Ke3 c4 31.Rc1 Rg2 32.Kf3 Rg6 33.Rh3 c3 34.b4 c2 35.Ke2 Rg2 36.a3 Rc4 37.Kf1 Rg6
38.Rd3 Rh6 39.Ke2 Rh2 40.Rd8 Kg7 41.Rxf8 Kxf8 42.Rg1 Ke7 43.Rg8 c1=N+ 44.Kf1 Rxf2+
45.Kxf2 Rxf4+ 46.Ke3 Rxf6 47.exf6+ Kxf6 48.Rg1 Na2 49.Kd2 h5 50.Ra1 Nxb4
51.axb4 h4 52.Ke3 Kg5 53.Rxa6 Kg4 54.Ra7 Kg3 55.Rxf7 h3 56.Rg7+ Kh2 57.Kd4 e5+
58.Kxe5 Kh1 59.Kd5 h2 60.Rh7  1-0

[Event "Cseppko op"]
[Site "Cseppko"]
[Date "1997.??.??"]
[Round "3"]
[White "Suto, Gabor"]
[Black "Felegyhazi, Laszlo"]
[Result "0-1"]
[WhiteElo "2150"]
[BlackElo "2310"]

1.d4 d5 2.c4 c6 3.Nf3 Nf6 4.Nc3 e6 5.e3 Nbd7 6.Bd3 a6 7.O-O dxc4 8.Bxc4 b5
9.Bd3 c5 10.Qe2 Bb7 11.Rd1 Bd6 12.e4 cxd4 13.Nxd4 Qb8 14.h3 h6 15.a3 O-O
16.Bc2 Rd8 17.Be3 Nf8 18.Qf3 Ng6 19.g3 Ne5 20.Qe2 Nc4 21.f4 Nxe3 22.Qxe3 Bc5
23.Nce2 e5 24.fxe5 Qxe5 25.Qf4 Qxf4 26.gxf4 Nxe4 27.Kh2 Nf6 28.Nf5 Bf3 29.Rxd8+ Rxd8  0-1

[Event "CZE-chT2 9697"]
[Site "CZE"]
[Date "1997.??.??"]
[Round "?"]
[White "Slezka, Vojtech"]
[Black "Spesny, Jan"]
[Result "1-0"]
[WhiteElo "2330"]
[BlackElo "2290"]

1.d4 d5 2.c4 c6 3.Nf3 Nf6 4.Nc3 e6 5.e3 Nbd7 6.Bd3 dxc4 7.Bxc4 b5 8.Bd3 Bb7
9.e4 b4 10.Na4 c5 11.e5 Nd5 12.O-O Be7 13.Re1 Rc8 14.dxc5 Nxc5 15.Nxc5 Bxc5
16.Ng5 h6 17.Qh5 Qd7 18.Ne4 Be7 19.Qg4 g6 20.Qg3 Bc6 21.Bd2 Bb5 22.Rad1 Bxd3
23.Qxd3 Kf8 24.h4 Kg7 25.Nf6 Rhd8 26.Nxd7  1-0

[Event "CZE-chT2 9697"]
[Site "CZE"]
[Date "1997.??.??"]
[Round "?"]
[White "Gregor, Jiri"]
[Black "Dalecky, Bretislav"]
[Result "1-0"]
[WhiteElo "2265"]
[BlackElo "2190"]

1.d4 d5 2.Nf3 Nf6 3.c4 c6 4.e3 e6 5.Nc3 Nbd7 6.Qc2 Bd6 7.b3 Qe7 8.Be2 O-O
9.O-O Re8 10.Rd1 Nf8 11.e4 dxe4 12.Nxe4 Nxe4 13.Qxe4 e5 14.dxe5 Bxe5 15.Nxe5 Qxe5
16.Qxe5 Rxe5 17.Rd8 b6 18.Be3 Bb7 19.Rad1 Re8 20.Rxe8 Rxe8 21.Bf3 f6 22.a4 Ng6
23.c5 bxc5 24.Bxc5 a6 25.Kf1 Ne5 26.Be2 Bc8 27.f4 Nf7 28.Bf3 Be6 29.b4 Bb3
30.Ra1 Nd8 31.g3 Kf7 32.Bh5+ g6 33.Be2 Ne6 34.Bb6 h5 35.f5 Ng5 36.fxg6+ Kg7
37.Bxa6 Ra8 38.Bd3 Rxa4 39.Re1 Rxb4 40.Re7+ Kg8 41.Bc5 Rb8 42.Bf5 Bc4+ 43.Kg1 Rd8
44.h4 Nf3+ 45.Kf2 Ne5 46.Ke3 Bd5 47.g4 Nf3 48.gxh5 Nxh4 49.Kf4 Ra8 50.Bc2 f5
51.Bd6 c5 52.Be5 c4 53.Rh7 Kf8 54.Bf6  1-0

[Event "CZE-chT1c 9697"]
[Site "CZE"]
[Date "1997.??.??"]
[Round "?"]
[White "Volak, Michal"]
[Black "Kolin, Julius"]
[Result "1/2-1/2"]
[WhiteElo "2175"]
[BlackElo "2205"]

1.d4 d5 2.c4 c6 3.Nf3 Nf6 4.Nc3 e6 5.e3 Nbd7 6.Bd3 dxc4 7.Bxc4 b5 8.Bd3 a6
9.e4 Bb7 10.e5 Nd5 11.Nxd5 cxd5 12.O-O Be7 13.Bd2 Qb6 14.a4 O-O 15.Qb3 bxa4  1/2-1/2

[Event "CZE-chT 9697"]
[Site "CZE"]
[Date "1997.??.??"]
[Round "1"]
[White "Trichkov, Vasil"]
[Black "Koutsin, Sergey"]
[Result "0-1"]
[WhiteElo "2365"]
[BlackElo "2400"]

1.d4 d5 2.c4 c6 3.Nf3 e6 4.Nc3 Nf6 5.e3 Nbd7 6.Qc2 Bd6 7.Bd2 O-O 8.Bd3 Qe7
9.O-O dxc4 10.Bxc4 e5 11.h3 h6 12.e4 exd4 13.Nxd4 Qe5 14.Nf3 Qh5 15.Rfe1 Ne5
16.Nxe5 Qxe5 17.Qd3 Qh2+ 18.Kf1 b5 19.Bb3 a5 20.Rac1 a4 21.Bd1 b4 22.Nxa4 Ba6
23.Rc4 Qh1+ 24.Ke2 Qxg2 25.Bb3 Nxe4 26.Be3 Rad8 27.Qc2 Nxf2  0-1

[Event "CZE-chT 9697"]
[Site "CZE"]
[Date "1997.??.??"]
[Round "2"]
[White "Smejkal, Jan"]
[Black "Haba, Petr"]
[Result "1/2-1/2"]
[WhiteElo "2505"]
[BlackElo "2520"]

1.Nf3 Nf6 2.c4 c6 3.Nc3 d5 4.e3 e6 5.d4 Nbd7 6.Qc2 Bd6 7.Be2 O-O 8.O-O Qe7
9.b3 Re8 10.Bb2 dxc4 11.bxc4 e5 12.Rae1 e4 13.Nd2 Nf8 14.f3  1/2-1/2

[Event "CZE-chT 9697"]
[Site "CZE"]
[Date "1997.??.??"]
[Round "5"]
[White "Ftacnik, Lubomir"]
[Black "Stohl, Igor"]
[Result "1/2-1/2"]
[WhiteElo "2595"]
[BlackElo "2580"]

1.d4 d5 2.c4 e6 3.Nc3 c6 4.e3 Nf6 5.Nf3 Nbd7 6.Bd3 dxc4 7.Bxc4 b5 8.Be2 Bb7
9.O-O Be7 10.Qc2 O-O 11.Rd1 a6 12.e4 b4 13.e5 bxc3 14.exf6 Bxf6 15.bxc3  1/2-1/2

[Event "CZE-chT 9697"]
[Site "CZE"]
[Date "1997.??.??"]
[Round "6"]
[White "Voloshin, Leonid"]
[Black "Karlik, Jiri"]
[Result "1-0"]
[WhiteElo "2430"]
[BlackElo "2345"]

1.c4 c6 2.d4 d5 3.Nc3 Nf6 4.e3 e6 5.Nf3 Nbd7 6.Be2 Ne4 7.Nxe4 dxe4 8.Nd2 f5
9.c5 Qg5 10.O-O Be7 11.b4 O-O 12.Qb3 Rf6 13.f3 Rh6 14.fxe4 fxe4 15.Rf4 Nf6
16.Nxe4 Nxe4 17.Rxe4 Kh8 18.Bd2 e5 19.dxe5 Bh3 20.g3 Rf8 21.Rf4 Rd8 22.Bc3 Be6
23.Qb2 Rh3 24.Bf1 Rxg3+ 25.hxg3 Qxg3+ 26.Bg2 Qxe3+ 27.Rf2 Bh4 28.Be1 Bg3
29.Qe2 Qg5 30.Rd1 Rg8 31.Rf3 Bxe5 32.Bc3 Bxc3 33.Qxe6 Bxb4 34.Kh1 Qh5+ 35.Qh3 Qxc5
36.Rdf1 b5 37.Rf5 Qd6 38.Rh5 h6 39.Rhf5 Bd2 40.Rf7 Bg5 41.Rxa7 c5 42.Raf7 c4
43.R7f5 Bd2 44.Rxb5 c3 45.Rd5 Qa6 46.Be4  1-0

[Event "CZE-chT 9697"]
[Site "CZE"]
[Date "1997.??.??"]
[Round "11"]
[White "Cvek, Robert"]
[Black "Hlavnicka, Jiri"]
[Result "1/2-1/2"]
[WhiteElo "2340"]
[BlackElo "2230"]

1.d4 Nf6 2.Nf3 e6 3.c4 d5 4.Nc3 c6 5.e3 Nbd7 6.Qc2 Bd6 7.Be2 O-O 8.O-O dxc4
9.Bxc4 e5 10.dxe5 Nxe5 11.Nxe5 Bxe5 12.f4 Bxc3 13.bxc3 Qe7 14.Bd3 Re8  1/2-1/2

[Event "Debrecen"]
[Site "Debrecen"]
[Date "1997.??.??"]
[Round "4"]
[White "Mate, Laszlo"]
[Black "Felegyhazi, Laszlo"]
[Result "1-0"]
[WhiteElo "2365"]
[BlackElo "2305"]

1.c4 c6 2.d4 d5 3.Nc3 Nf6 4.e3 e6 5.Nf3 Nbd7 6.Qc2 a6 7.Bd3 dxc4 8.Bxc4 b5
9.Be2 Bb7 10.a3 c5 11.dxc5 Bxc5 12.b4 Bd6 13.Bb2 Rc8 14.O-O Qe7 15.Qb3 O-O
16.a4 Bxb4 17.axb5 a5 18.Ba3 Rxc3 19.Qxc3 Bxc3 20.Bxe7 Re8 21.Bxf6 Nxf6 22.Rac1 Nd5
23.Rfd1 Rc8 24.Nd4 Kf8 25.Bf3 Rc5 26.Nc6 Bxc6 27.bxc6 Nb4 28.Rd8+ Ke7 29.Rd7+ Kf6
30.Ra7 Nd3 31.Rd1 Ne5 32.c7 Nxf3+ 33.gxf3 Be5 34.f4 Bxc7 35.Rd7 Bb6 36.Rxf7+ Kg6
37.Rxg7+ Kf5 38.Rg5+  1-0

[Event "Decin op"]
[Site "Decin"]
[Date "1997.??.??"]
[Round "2"]
[White "Kubala, Martin"]
[Black "Skatchkov, Pavel"]
[Result "0-1"]
[WhiteElo "2265"]
[BlackElo "2435"]

1.d4 d5 2.c4 e6 3.Nc3 c6 4.Nf3 Nf6 5.e3 Nbd7 6.Bd3 dxc4 7.Bxc4 b5 8.Bd3 Bb7
9.O-O a6 10.a4 b4 11.Ne4 Be7 12.Qc2 O-O 13.Nxf6+ Nxf6 14.e4 h6 15.e5 Nd5
16.Qe2 h5 17.Ng5 Bxg5 18.Qxh5 Bh6 19.Bxh6 gxh6 20.f4 Nf6 21.Qxh6 Qxd4+ 22.Kh1 Qxd3
23.Rf3 Ng4 24.Rg3 Qxg3 25.Qg5+ Kh7 26.hxg3 Nh6 27.Qe7 Rab8 28.Kg1 Rfe8 29.Qh4 Rbd8
30.g4 c5 31.g5 Rd2 32.Qxh6+ Kg8 33.Qf6 Rxb2 34.Rd1 Be4 35.g4 Rg2+ 36.Kf1 Rxg4
37.Rd8 Rxd8 38.Qxd8+ Kh7 39.Qe7 Rxf4+ 40.Ke2 b3 41.Ke3 Bg6 42.Qb7 Rb4  0-1

[Event "Decin op"]
[Site "Decin"]
[Date "1997.??.??"]
[Round "4"]
[White "Virovlansky, Semen"]
[Black "Nikolov, Sasho"]
[Result "0-1"]
[WhiteElo "2250"]
[BlackElo "2390"]

1.d4 d5 2.c4 e6 3.Nc3 c6 4.e3 Nf6 5.Nf3 Nbd7 6.Qc2 Be7 7.Be2 O-O 8.O-O Qc7
9.b3 b6 10.Bb2 Bb7 11.Rac1 Rac8 12.Rfd1 Rfd8 13.Qb1 Qb8 14.Qa1 Qa8 15.Rc2 Bf8
16.Rcd2 a6 17.Ne5 Nxe5 18.dxe5 Nd7 19.e4 Nxe5 20.exd5 cxd5 21.cxd5 exd5 22.Na4 Nd7
23.Bg4 Qa7 24.Bd4 Rc6 25.Be3 Nf6 26.Bf3 Re6 27.Qd4 Rdd6 28.Rc2 h6 29.Rdc1 g5
30.h4 Ne4 31.Bg4 Re8 32.Nxb6 Nf6 33.Qxf6 Rxf6 34.Nxd5 Rxe3 35.Nxf6+ Kh8 36.fxe3 Qxe3+
37.Kh1 Qg3 38.Rd1 Bd6 39.Kg1 Bc5+ 40.Rxc5 Qxg2+  0-1

[Event "Decin op"]
[Site "Decin"]
[Date "1997.??.??"]
[Round "6"]
[White "Virovlansky, Semen"]
[Black "Skatchkov, Pavel"]
[Result "1/2-1/2"]
[WhiteElo "2250"]
[BlackElo "2435"]

1.d4 d5 2.c4 e6 3.Nc3 c6 4.e3 Nf6 5.Nf3 Nbd7 6.Qc2 Bd6 7.Be2 O-O 8.O-O Re8
9.h3 h6 10.Rd1 Qe7 11.a3 b6 12.e4 dxe4 13.Nxe4 Nxe4 14.Qxe4 Bb7 15.b4 e5
16.Bb2 Nf6 17.Qe3 e4 18.Ne5 Rad8 19.Rab1 Bb8 20.Ba1 Nd7 21.Qxe4 Nxe5 22.dxe5 Rxd1+
23.Rxd1 c5 24.Qg4 Bc8 25.e6 f6 26.Bd3 Bxe6 27.Qg6 Bf7 28.Qh7+ Kf8 29.Bc3 Rd8
30.bxc5 bxc5 31.Ba5 Bc7 32.Re1 Qd6 33.Bxc7 Qxc7 34.Qh8+ Bg8 35.Bh7 Kf7 36.Bf5 Qb8
37.h4 Re8 38.Rd1 Qe5 39.g4 Kf8 40.h5 a5 41.Kg2 Qe2 42.Rd3 Re4 43.Rd8+ Re8
44.Rd5 Re3 45.Rd8+ Re8 46.Rxe8+ Qxe8 47.Bh7 Qc6+ 48.Kg3 Qd6+ 49.f4 Qe6 50.Kf3 f5
51.gxf5 Qxc4 52.f6 Qd5+ 53.Kg3 Qb3+ 54.Kh4 Qf7 55.Bxg8 Qxg8 56.fxg7+ Kf7
57.Qxh6 Qxg7 58.Qxg7+ Kxg7 59.Kg4 Kh6 60.Kf5 Kxh5 61.Ke5 Kg4 62.a4 c4 63.Kd4 Kxf4
64.Kxc4 Ke5 65.Kb5 Kd6 66.Kxa5 Kc6  1/2-1/2

[Event "Neckar op 1st"]
[Site "Deizisau"]
[Date "1997.??.??"]
[Round "4"]
[White "Berezovsky, Igor"]
[Black "Luther, Thomas"]
[Result "0-1"]
[WhiteElo "2375"]
[BlackElo "2520"]

1.d4 e6 2.c4 Nf6 3.Nf3 d5 4.Nc3 c6 5.e3 Nbd7 6.Qc2 Bd6 7.Be2 O-O 8.O-O Re8
9.Rd1 b6 10.e4 Nxe4 11.Nxe4 dxe4 12.Qxe4 Qc7 13.Bd3 f5 14.Qe2 Bb7 15.Qc2 c5
16.d5 g6 17.Bh6 Ne5 18.Nxe5 Bxe5 19.h3 Bd4 20.Bf1 Qe5 21.Re1 Qf6 22.Be3 Bxe3
23.Rxe3 exd5 24.Rxe8+ Rxe8 25.cxd5 Bxd5 26.Rd1 Bf7 27.a3 a5 28.Qd2 Bb3 29.Rc1 Rd8
30.Qc3 Qxc3 31.Rxc3 a4 32.Rd3 Rxd3 33.Bxd3 c4 34.Bb1 Kf7 35.f4 h5 36.Kf2 h4
37.g3 hxg3+ 38.Kxg3 Ke6 39.h4 Bd1 40.Kf2 Kd5 41.Ke1 Bh5 42.Bc2 b5 43.Kd2 Kd4
44.Bb1 Bg4  0-1

[Event "Neckar op 1st"]
[Site "Deizisau"]
[Date "1997.??.??"]
[Round "6"]
[White "Berezovsky, Igor"]
[Black "Prestel, Oliver"]
[Result "1-0"]
[WhiteElo "2375"]
[BlackElo "2045"]

1.d4 d5 2.c4 c6 3.Nc3 Nf6 4.Nf3 e6 5.e3 Nbd7 6.Qc2 Be7 7.Be2 dxc4 8.Bxc4 b5
9.Bd3 a6 10.e4 c5 11.e5 Nd5 12.Nxd5 exd5 13.e6 fxe6 14.Bxh7 Nf8 15.Bg6+ Nxg6
16.Qxg6+ Kf8 17.dxc5 Bxc5 18.O-O Bd6 19.h3 Qf6 20.Qc2 Bd7 21.Bg5 Qf7 22.Rfe1 Rc8
23.Qd2 Qf5 24.Nd4 Qg6 25.Bf4 Be7 26.Re3 Rh4 27.Rg3 Qe4 28.Re1 Rxf4 29.Rxe4 Rxe4
30.Rc3 Rc4 31.Nc2 Kg8 32.Ne3 Rcd4 33.Qc1 Bd6 34.g3 b4 35.Rc2 Rd3 36.Rd2 Rxd2
37.Qxd2 Bb5 38.Nxd5 Re2 39.Nf6+ gxf6 40.Qxd6 Re1+ 41.Kg2 Kf7 42.h4 f5 43.h5 Rc1
44.Kf3 Rc2 45.h6  1-0

[Event "GER-ch U20 qual"]
[Site "Dortmund"]
[Date "1997.??.??"]
[Round "?"]
[White "Prusikin, Mikhajlo"]
[Black "Schneider, Henning"]
[Result "1-0"]
[WhiteElo "2450"]
[BlackElo "2220"]

1.d4 d5 2.c4 c6 3.e3 Nf6 4.Nc3 e6 5.Nf3 Ne4 6.Nxe4 dxe4 7.Nd2 f5 8.b3 Bd6
9.Bb2 O-O 10.Qc2 Nd7 11.O-O-O Qe7 12.f3 exf3 13.gxf3 Nf6 14.Bd3 Ba3 15.c5 Bxb2+
16.Kxb2 Nd5 17.Rhe1 Nb4 18.Qc4 Nxd3+ 19.Qxd3 e5 20.Nc4 e4 21.Qf1 Be6 22.Nd6 Bd5
23.f4 a5 24.Nc4 Qe6 25.Nb6 Rad8 26.Re2 Kh8 27.Qe1 g5 28.Rf2 Rg8 29.fxg5 Rxg5
30.Qxa5 Rdg8 31.Rdf1 Rg2 32.Qd2 Qg6 33.Nxd5 cxd5 34.Rxg2 Qxg2 35.Qxg2 Rxg2+
36.Ka3 Rxh2 37.Rxf5 Rh3 38.Rxd5 Rxe3 39.Rd7 Rc3 40.Rxb7 h5 41.Kb2  1-0

[Event "Dresden op"]
[Site "Dresden"]
[Date "1997.??.??"]
[Round "3"]
[White "Bischoff, Klaus"]
[Black "Hebbinghaus, Holger"]
[Result "1-0"]
[WhiteElo "2535"]
[BlackElo "2235"]

1.Nf3 Nf6 2.c4 c6 3.Nc3 d5 4.e3 e6 5.d4 Nbd7 6.Qc2 Bd6 7.Be2 O-O 8.b3 Qe7
9.O-O dxc4 10.bxc4 e5 11.Rd1 Re8 12.Rb1 e4 13.Nd2 Nf8 14.c5 Bc7 15.Nc4 Nd5
16.Ba3 Nxc3 17.Qxc3 Qg5 18.Nd6 Bxd6 19.cxd6 Nd7 20.Rdc1 Nf6 21.Qe1 Rb8 22.Rc5 Nd5
23.Ra5 Bh3 24.Bf1 a6 25.d7 Bxd7 26.Bd6 Rbd8 27.Bc7 Ra8 28.Rxb7 Qg6 29.Bg3 Bc8
30.Rb2 f5 31.Be5 Rf8 32.Qc1 Ra7 33.Rb8  1-0

[Event "Dresden op"]
[Site "Dresden"]
[Date "1997.??.??"]
[Round "6"]
[White "Moise, Adrian"]
[Black "Lamprecht, Frank"]
[Result "1/2-1/2"]
[WhiteElo "2230"]
[BlackElo "2410"]

1.d4 Nf6 2.Nf3 d5 3.c4 c6 4.Nc3 e6 5.e3 Nbd7 6.Qc2 Bd6 7.Bd3 O-O 8.e4 dxc4
9.Bxc4 e5 10.Bg5 h6 11.Bh4 exd4 12.Nxd4 Nb6 13.Nce2 Nxc4 14.Qxc4 Qa5+ 15.Nc3 Be5
16.Bxf6 Bxf6 17.O-O Qb6 18.Nb3 Rd8 19.Rfd1 Bg4 20.Rxd8+ Rxd8 21.e5 Be6 22.Qe4 Be7
23.Qc2 Qb4 24.Rd1 Rxd1+ 25.Qxd1 a5 26.Qc2 Qf4 27.Qe4 Qxe4 28.Nxe4 a4 29.Na5 Bd5
30.Nc3 Bb4 31.Nxd5 Bxa5 32.Nf4 Kf8 33.Nd3 Bb6 34.Kf1 Ke7 35.f4 Ke6 36.Ke2 Kd5
37.Kf3 Bg1 38.h3 c5 39.Nc1 c4 40.Ne2 Bd4 41.Nc3+ Bxc3 42.bxc3 a3 43.Ke3 g5
44.g3 h5 45.Kf3 g4+ 46.hxg4 hxg4+ 47.Ke3 b5 48.Kd2 Kc5 49.Ke2 Kc6 50.Kd2 Kc5
51.Ke2 Kc6 52.Kd2 Kc5 53.Ke2 Kc6 54.Kd2  1/2-1/2

[Event "Caledonian Masters"]
[Site "Edinburgh"]
[Date "1997.??.??"]
[Round "5"]
[White "Ferguson, Mark"]
[Black "Kelly, Bryan"]
[Result "1/2-1/2"]
[WhiteElo "2420"]
[BlackElo "2390"]

1.Nf3 d5 2.d4 Nf6 3.c4 c6 4.Nc3 e6 5.e3 Nbd7 6.Qc2 Bd6 7.Be2 O-O 8.O-O Qe7
9.Rd1 b6 10.e4 dxe4 11.Nxe4 Nxe4 12.Qxe4 Bb7 13.Bf4 Rfd8 14.Bxd6 Qxd6 15.Rac1 Nf6
16.Qe3 c5 17.dxc5 Qxc5 18.Qxc5 bxc5 19.Ne5 Kf8 20.Rc3 Rxd1+ 21.Bxd1 Rd8 22.Rd3 Rxd3
23.Nxd3 Nd7 24.f3 Bc6 25.Bc2 h6 26.Kf2  1/2-1/2

[Event "Caledonian Masters"]
[Site "Edinburgh"]
[Date "1997.??.??"]
[Round "7"]
[White "Crouch, Colin S"]
[Black "Kelly, Bryan"]
[Result "0-1"]
[WhiteElo "2375"]
[BlackElo "2390"]

1.d4 d5 2.c4 c6 3.Nf3 Nf6 4.Nc3 e6 5.e3 Nbd7 6.Qc2 Bd6 7.Bd2 O-O 8.h3 Re8
9.O-O-O e5 10.cxd5 cxd5 11.dxe5 Nxe5 12.Nxe5 Bxe5 13.Bd3 Bd7 14.f4 Bd6 15.Kb1 Rc8
16.Qb3 Bc6 17.Rhe1 a6 18.g4 b5 19.Bf5 Rb8 20.e4 dxe4 21.g5 b4 22.gxf6 Qxf6
23.Bxe4 bxc3 24.Bxc3 Bxe4+ 25.Rxe4 Qg6 26.Qd5 Qxe4+ 27.Qxe4 Rxe4 28.Rxd6 Rxf4
29.Rxa6 Rf3 30.Kc2 Rxh3 31.a4 h5 32.a5 h4 33.Rb6 Ra8 34.a6 Re3 35.b4 h3  0-1

[Event "RUS-Cup5"]
[Site "Ekaterinburg"]
[Date "1997.??.??"]
[Round "7"]
[White "Serafimov, D."]
[Black "Loktionova, Natalia"]
[Result "1/2-1/2"]
[WhiteElo "2410"]
[BlackElo "2170"]

1.d4 d5 2.c4 c6 3.Nc3 e6 4.e3 Nf6 5.Nf3 Be7 6.Bd3 dxc4 7.Bxc4 b5 8.Bd3 Bb7
9.O-O a6 10.e4 Nbd7 11.e5 Nd5 12.Nxd5 cxd5 13.Bd2 Qb6 14.Qe2 Bc6 15.Rac1 b4
16.Rc2 O-O 17.Bg5 Rfe8 18.Rfc1 Bb5 19.Bxb5 axb5 20.Bxe7 Rxe7 21.b3 Nf8 22.Qd2 Rea7
23.Qxb4 Qa5 24.Qc5 h6 25.h4 Ng6 26.g3 Ne7 27.b4 Qa4 28.Qc3 Rc8 29.Qd2 Rc4
30.Rb2 Rac7 31.Rcb1 Rc2 32.Qe1 Qa3 33.Rxc2 Rxc2 34.Kg2 Qxa2 35.Rc1 Nc6 36.Rxc2 Qxc2
37.Qa1 g6 38.Qa6 Nxb4 39.Qa5 Nd3 40.Qd8+ Kh7 41.Qf6 Qxf2+ 42.Kh3 Qf1+ 43.Kh2 Qe2+
44.Kh1 Nf2+ 45.Kg1 Nh3+ 46.Kh1 Nf2+ 47.Kg1 Nh3+ 48.Kh1 Nf2+ 49.Kg1 Nh3+ 50.Kh1 Nf2+  1/2-1/2

[Event "Momotov mem"]
[Site "Enakievo"]
[Date "1997.??.??"]
[Round "?"]
[White "Bagaturov, Giorgi"]
[Black "Savchenko, Stanislav"]
[Result "1-0"]
[WhiteElo "2475"]
[BlackElo "2575"]

1.d4 d5 2.c4 c6 3.Nf3 Nf6 4.Nc3 e6 5.e3 Nbd7 6.Qc2 Bd6 7.Bd3 O-O 8.O-O h6
9.Bd2 Qe7 10.c5 Bb8 11.e4 e5 12.exd5 cxd5 13.Rfe1 Re8 14.Nxe5 Nxe5 15.f4 Nfg4
16.h3 Qh4 17.dxe5 Nxe5 18.fxe5 Bxh3 19.Qa4 Qxa4 20.Nxa4 Bd7 21.Nc3 Bxe5 22.Nxd5 Bxb2
23.Rab1 Bd4+ 24.Be3 Be5 25.Rxb7 Rad8 26.Rxd7  1-0

[Event "Momotov mem"]
[Site "Enakievo"]
[Date "1997.??.??"]
[Round "?"]
[White "Kiselev, Sergey"]
[Black "Savchenko, Stanislav"]
[Result "1/2-1/2"]
[WhiteElo "2485"]
[BlackElo "2575"]

1.d4 d5 2.c4 c6 3.Nf3 Nf6 4.Nc3 e6 5.e3 Nbd7 6.Qc2 Bd6 7.Be2 O-O 8.O-O Re8
9.Rd1 Qe7 10.a3 h6 11.h3 dxc4 12.Bxc4 e5 13.Ba2  1/2-1/2

[Event "Momotov mem"]
[Site "Enakievo"]
[Date "1997.??.??"]
[Round "?"]
[White "Shneider, Aleksandr"]
[Black "Kruppa, Yuri"]
[Result "1/2-1/2"]
[WhiteElo "2565"]
[BlackElo "2520"]

1.d4 Nf6 2.c4 c6 3.Nc3 d5 4.e3 e6 5.Nf3 Nbd7 6.Qc2 Bd6 7.Bd3 O-O 8.O-O h6
9.h3 e5 10.cxd5 cxd5 11.Nb5 Bb8 12.dxe5 Nxe5 13.Nxe5 Bxe5 14.Bd2 a6 15.Nd4 Re8
16.Nf3 Bd6 17.Rad1 Ne4 18.Bb4 Nxf2 19.Bh7+ Kh8 20.Rxd5 Bh2+ 21.Kxh2 Ng4+
22.hxg4 Qxd5 23.Rd1 Qb5 24.Rd4 Qb6 25.Bd3 Be6 26.Qd2 Bxa2 27.g5 hxg5 28.Kg1 a5
29.Bc3 Qh6 30.Bf5 Be6 31.Rd6 Ra6 32.Rxa6 bxa6 33.Bxe6 Qxe6 34.Nxg5 Qxe3+
35.Qxe3 Rxe3 36.Nxf7+ Kg8 37.Nd6 a4 38.Nc4 Re4 39.Nd2 Rf4 40.Nf3 Rc4 41.Nd2 Rc7
42.Nb1 Rf7 43.g3 Kh7 44.Bb4 Kg6 45.Kg2 Rd7 46.Ba3 Kf5 47.Nc3 g5 48.Kf2 Rd3
49.Nxa4 Kg4 50.Nc5 Rxg3  1/2-1/2

[Event "BCF-chT 96/97"]
[Site "England"]
[Date "1997.??.??"]
[Round "?"]
[White "Giddins, Stephen"]
[Black "McDonald, Neil R"]
[Result "1/2-1/2"]
[WhiteElo "2355"]
[BlackElo "2490"]

1.Nf3 d5 2.d4 Nf6 3.c4 c6 4.Nc3 e6 5.e3 Nbd7 6.Bd3 Be7 7.O-O O-O 8.e4 dxe4
9.Nxe4 Nxe4 10.Bxe4 c5 11.Re1 Qc7 12.b3 Nf6 13.Bc2 b6 14.Qe2 cxd4 15.Nxd4 Bb7
16.Bb2 Qf4 17.Qe5 Qxe5 18.Rxe5 Nd7 19.Re2 Bf6 20.Be4 Bxe4 21.Rxe4 Nc5 22.Re2 Nd3
23.Bc3 Rfd8 24.Nb5 Bg5 25.Kf1 a6 26.Nd4 Bf6 27.Rd1 Nc5 28.Ree1 Kf8 29.Ba1 Rac8
30.g3 Ke8 31.Nc2 Bxa1 32.Nxa1 b5 33.cxb5 axb5 34.Rxd8+ Rxd8 35.Nc2 Rd2 36.Re2 Rd1+
37.Re1 Rd2 38.Re2 Rd1+ 39.Re1 Rd2  1/2-1/2

[Event "BCF-chT 96/97"]
[Site "England"]
[Date "1997.??.??"]
[Round "8"]
[White "Anderton, David W"]
[Black "Houska, Jovanka"]
[Result "1-0"]
[WhiteElo "2200"]
[BlackElo "2115"]

1.d4 d5 2.c4 c6 3.Nc3 Nf6 4.Nf3 e6 5.e3 Nbd7 6.Qc2 Bd6 7.b3 Qe7 8.Be2 b6
9.O-O O-O 10.e4 e5 11.cxd5 cxd5 12.exd5 exd4 13.Nxd4 Qe5 14.Nf3 Qh5 15.Nb5 Bb8
16.d6 Bb7 17.Bf4 Rc8 18.Nc7 Bxc7 19.dxc7 Qg4 20.Bg3 Nc5 21.Rfd1 Be4 22.Qd2 Ne6
23.Rac1 Bb7 24.Rc4 Ne4 25.Qd7 Qf5 26.Bd3 Bd5 27.Bxe4 Bxe4 28.Nh4 Qg5 29.Rxe4 Nc5
30.Rg4 Qf6 31.Qd4 Qxd4 32.Rgxd4 Ne6 33.Rd7 g6 34.Nf3 a5 35.Nd4 Nc5 36.Re7 Kf8
37.Nc6 Ne6 38.Rdd7 Re8 39.Rxf7+ Kg8 40.h4 h6 41.Rfe7  1-0

[Event "BCF-chT 96/97"]
[Site "England"]
[Date "1997.??.??"]
[Round "8"]
[White "Law, Andrew P"]
[Black "Ferguson, Mark"]
[Result "1/2-1/2"]
[WhiteElo "2370"]
[BlackElo "2385"]

1.d4 d5 2.c4 c6 3.Nf3 Nf6 4.Nc3 e6 5.e3 Nbd7 6.Bd3 dxc4 7.Bxc4 b5 8.Be2 b4
9.Na4 Be7 10.O-O Bb7 11.a3 a5 12.axb4 axb4 13.Bd2 O-O 14.Qc2 Ba6 15.Bxa6 Rxa6
16.Nc5 Nxc5 17.dxc5 b3 18.Qxb3 Rxa1 19.Rxa1 Bxc5 20.Qc2  1/2-1/2

[Event "DEN-chB"]
[Site "Esbjerg"]
[Date "1997.??.??"]
[Round "4"]
[White "Matthiesen, Arne"]
[Black "Holmsgaard, Henrik"]
[Result "1/2-1/2"]
[WhiteElo "2290"]
[BlackElo "2315"]

1.d4 d5 2.c4 c6 3.Nc3 Nf6 4.e3 e6 5.Nf3 Nbd7 6.Bd3 dxc4 7.Bxc4 b5 8.Bd3 Bb7
9.a3 a5 10.O-O b4 11.Ne4 Be7 12.Nxf6+ Nxf6 13.e4 O-O 14.axb4 axb4 15.Rxa8 Bxa8
16.Qe2 c5  1/2-1/2